000
00312nam a2200121Ia 4500
008
240624s9999 xx 000 0 und d
041
_a
eng
082
_a
153.94 JAI
100
_a
JAIN ANOOP
245
_a
SECRETARIAL AUDIT DUE DILIGENCE AND COMP
250
_a
(10th ed.)
260
_c
2018
_a
Delhi
_b
AJ Publications
999
_c
30250
_d
30250